| 000 | 00496nam a2200157Ia 4500 | ||
|---|---|---|---|
| 008 | 210210b2006 xxu||||| |||| 00| 0 eng d | ||
| 020 | _a81 250 3009 3 | ||
| 082 | _a279.5483 ZACS | ||
| 100 | _aZACHARIAH (K C). | ||
| 245 | _aSyrian christians of Kerala: Demographic and socio-economic transition in the twentieth century. | ||
| 260 |
_aHyderabad _bOrient Longman Private Limited _c2006 |
||
| 300 | _axvi,300 | ||
| 650 | _aSyrian Christians Kerala | ||
| 690 | _aChristianity | ||
| 906 | _a061596 | ||
| 999 |
_c108512 _d108512 |
||